00341 2200145 4500001002100000005001500021035002000036245004200056100001700098300001200115260003400127082000800161084001400169990001200183INLIS00000000000193420250522074424 a0010-05250002261 aJakarta Under Cover 1 /cMoammar Emka0 aMoammar Emka a486 hlm aJakarta :bGagas Media,c2008 a800 a800 MOA j a0713454